UM Logo

Documenting increased participation of a student with autism in the standards for mathematical practice / (Record no. 18090)

MARC details
000 -LEADER
fixed length control field 01072nam a22002417a 4500
005 - DATE AND TIME OF LATEST TRANSACTION
control field 20251201175930.0
008 - FIXED-LENGTH DATA ELEMENTS--GENERAL INFORMATION
fixed length control field 230703b ||||| |||| 00| 0 eng d
082 ## - DEWEY DECIMAL CLASSIFICATION NUMBER
Classification number DPer 370.15 J826 April-May 2020 v. 112 n. 3-4
100 ## - MAIN ENTRY--PERSONAL NAME
Personal name Lambert, Rachel .
Relator term author.
9 (RLIN) 48427
245 ## - TITLE STATEMENT
Title Documenting increased participation of a student with autism in the standards for mathematical practice /
Statement of responsibility, etc. Rachel Lambert, Trisha Sugita, Cathery Yeh, Jessica H. Hunt, and Shayne Brophy.
260 ## - PUBLICATION, DISTRIBUTION, ETC. (IMPRINT)
Place of publication, distribution, etc. Washington ;
Name of publisher, distributor, etc. American Psychological Association ,
Date of publication, distribution, etc. April 2020.
300 ## - PHYSICAL DESCRIPTION
Extent Volume 112, pages 494-513 :
Other physical details illustration ;
Dimensions 28 cm.
500 ## - GENERAL NOTE
General note Journal of Educational Psychology, vol. 112, no. 3, pages 494-513, April 2020.
650 ## - SUBJECT ADDED ENTRY--TOPICAL TERM
Topical term or geographic name as entry element Psychology.
9 (RLIN) 48428
650 ## - SUBJECT ADDED ENTRY--TOPICAL TERM
Topical term or geographic name as entry element Mathematics.
9 (RLIN) 48429
650 ## - SUBJECT ADDED ENTRY--TOPICAL TERM
Topical term or geographic name as entry element Education.
9 (RLIN) 48430
700 ## - ADDED ENTRY--PERSONAL NAME
Personal name Lambert, Rachel .
Relator term author.
9 (RLIN) 48427
700 ## - ADDED ENTRY--PERSONAL NAME
Personal name Sugita, Trisha.
Relator term author.
9 (RLIN) 48431
700 ## - ADDED ENTRY--PERSONAL NAME
Personal name Yeh, Cathery.
Relator term author.
9 (RLIN) 48432
700 ## - ADDED ENTRY--PERSONAL NAME
Personal name Hunt, Jessica H.
Relator term author.
9 (RLIN) 48433
700 ## - ADDED ENTRY--PERSONAL NAME
Personal name Brophy, Shayne.
Relator term author.
9 (RLIN) 48434
942 ## - ADDED ENTRY ELEMENTS (KOHA)
Source of classification or shelving scheme Dewey Decimal Classification
Koha item type Periodicals
Holdings
Withdrawn status Lost status Source of classification or shelving scheme Damaged status Not for loan Collection code Home library Current library Date acquired Total Checkouts Full call number Date last seen Price effective from Koha item type Public note
    Dewey Decimal Classification     Periodicals UM Digos College - LIC UM Digos College - LIC 07/03/2023   DPer 370.15 J826 April-May 2020 v. 112 n. 3-4 07/03/2023 07/03/2023 Periodicals Periodical article